[Event "Asia-chT Cup U14"]
[Site "Jiaxing"]
[Date "2016.11.09"]
[Round "5.8"]
[White "Md Nayem, Haque"]
[Black "Nuha, Rilwan"]
[Result "1-0"]
[WhiteElo "1983"]
[BlackElo "1184"]
[PlyCount "29"]
[EventDate "2016.11.06"]
[EventType "swiss"]
[EventRounds "9"]
[EventCountry "CHN"]
[SourceTitle "EXT 2021"]
[Source "ChessBase"]
[SourceDate "2020.10.23"]
[SourceVersion "1"]
[SourceVersionDate "2020.10.23"]
[SourceQuality "1"]

1. d4 Nf6 2. Nf3 e6 3. Bf4 Be7 4. e3 0-0 5. Nbd2 Nc6 6. c3 d5 7. Bd3 Bd7 8. Qc2 Nh5 9. Bxh7+ Kh8 10. Bd3 Nxf4 11. exf4 a6 12. Qd1 b5 13. Ne5 Be8 14. Qh5+ Kg8 15. Qh7# 1-0

[Event "Asia-chT Cup U14"]
[Site "Jiaxing"]
[Date "2016.11.06"]
[Round "1.1"]
[White "Md Nayem, Haque"]
[Black "Lin, Yi1"]
[Result "0-1"]
[WhiteElo "1983"]
[BlackElo "2427"]
[PlyCount "112"]
[EventDate "2016.11.06"]
[EventType "swiss"]
[EventRounds "9"]
[EventCountry "CHN"]
[SourceTitle "EXT 2021"]
[Source "ChessBase"]
[SourceDate "2020.10.23"]
[SourceVersion "1"]
[SourceVersionDate "2020.10.23"]
[SourceQuality "1"]

1. d4 Nf6 2. c4 g6 3. Nc3 d5 4. Nf3 Bg7 5. e3 0-0 6. Be2 c5 7. dxc5 Qa5 8. 0-0 dxc4 9. Bxc4 Qxc5 10. Qd4 Qa5 11. b4 Qh5 12. Ba3 Nc6 13. Qd2 Rd8 14. Qc2 Bg4 15. Be2 Ne5 16. Nd4 Bxe2 17. Qxe2 Qxe2 18. Ncxe2 Nc4 19. Bc1 Rac8 20. a4 e5 21. Nf3 Ne4 22. b5 f5 23. Ba3 Nxa3 24. Rxa3 Rc2 25. Re1 Kf7 26. Rb3 Ke6 27. h3 Ra2 28. Nc3 Nxc3 29. Rxc3 Rxa4 30. Rc7 Rd7 31. Ng5+ Ke7 32. Rxd7+ Kxd7 33. e4 h6 34. Nf3 Rxe4 35. Rd1+ Kc7 36. Rd5 g5 37. Kf1 Bf6 38. g3 g4 39. hxg4 fxg4 40. Nh4 Rd4 41. Rxd4 exd4 42. Nf5 h5 43. Ke2 Kb6 44. Nd6 Bg7 45. Kd3 Kc5 46. Nxb7+ Kxb5 47. Nd6+ Kb4 48. Nf5 Bf6 49. Nd6 a5 50. Kc2 a4 51. Ne4 Be5 52. Nd2 a3 53. Kb1 Kc3 54. Ne4+ Kd3 55. Nc5+ Ke2 56. Ka2 d3 0-1